000
00345nam a22001457a 4500
008
240318b ||||| |||| 00| 0 eng d
020
_a
9780807004470
041
_a
eng
080
_a
61
082
_a
61DAN
100
_a
4
101
_a
MJEKSI E PERGJITHSHME
245
_a
IS INEQUALITY BAD FOR OUR HEALTH
_c
NORMAN DANIELS
942
_2
udc
_c
BK
999
_c
60621
_d
60621